| 000 | 00575nam a2200241 a 4500 | ||
|---|---|---|---|
| 001 | nice12345678 | ||
| 003 | IN_TiNIC | ||
| 005 | 20260116012944.0 | ||
| 008 | 050524s1971 lona grp 000 0 eng | ||
| 020 |
_a0232616 _c100.5 |
||
| 082 | 0 | 0 |
_a230 _bBLO |
| 100 | _aBloom, Anthony | ||
| 245 | _aGod and Man. | ||
| 260 |
_aLondon _bDarton, Longman & Todd _c1971 |
||
| 300 | _a125p | ||
| 500 | _aincludes index and biblioraphy | ||
| 505 | 2 | _aIndex, notes | |
| 650 | _aTheology | ||
| 700 | 1 | _aBloom, Anthony | |
| 902 | _bSRS | ||
| 942 | _cBK | ||
| 999 |
_c9040 _d9040 |
||